00732nam a2200217 a 4500008004100000020003200041040002500073041001300098044001100111080001000122100003000132245010600162250001300268260007200281300002800353490001100381500003900392700003000431700002500461700002800486951122s1986||||[C 0 slo c c30 Kčs. q(15000 výtl.) aSNKbslocSNKeAACR21 aslohger axocSK a591.51 aDrőscher, Vitus B.4aut10aKrokodíl na raňajkycVitus B. Drőscher ; Vitus B. Dröscher, Štefan Teren, Hana Kohútová a1., vyd. aBratislavabObzorc1986eKošicefVýchodoslovenské tlačiarne a240 s., 14,63 AHc25 cm0 aSvetom aIlustr. na front. a predsádkach.1 aDröscher, Vitus B.4aut1 aTeren, Štefan4trl1 aKohútová, Hana4bkd